000 00502ntaaa2200193 4500
003 01
005 20251027202043.0
008 0714s1973 ag 01
040 _aAR-BaBN
_bspa
_cAR-BaBN
_eaacr
_dRIC
082 _a251.0100 W58p
100 _aWhite, Douglas M
_919131
245 _aPredicación expositiva
250 _a1 ed.
260 _aEl Paso :
_bCasa Bautista de Publicaciones,
_c1980
300 _a159 p
500 _aAyuda práctica para pastores
650 _ahomilética
_91351
942 _cBK
999 _c15340
_d15340